María Jesús VIGUERA MOLINS, Tiempos y lugares de al-Andalus en textos árabes, Madrid, Editorial Real Academia de la Historia, 2023; 1 vol., 620 p. (Clave Historial, 47). ISBN: 978-8-41578-900-0. Price: € 18,00 (notice n° 1728258)

détails MARC
000 -LEADER
fixed length control field 01632cam a2200157 4500500
005 - DATE AND TIME OF LATEST TRANSACTION
control field 20260322003000.0
041 ## - LANGUAGE CODE
Language code of text/sound track or separate title fre
042 ## - AUTHENTICATION CODE
Authentication code dc
100 10 - MAIN ENTRY--PERSONAL NAME
Personal name Mazzoli-Guintard, Christine
Relator term author
245 00 - TITLE STATEMENT
Title María Jesús VIGUERA MOLINS, Tiempos y lugares de al-Andalus en textos árabes, Madrid, Editorial Real Academia de la Historia, 2023; 1 vol., 620 p. (Clave Historial, 47). ISBN: 978-8-41578-900-0. Price: € 18,00
260 ## - PUBLICATION, DISTRIBUTION, ETC.
Date of publication, distribution, etc. 2026.<br/>
500 ## - GENERAL NOTE
General note 75
520 ## - SUMMARY, ETC.
Summary, etc. This article examines the question of the integration of migrant populations in the Kingdom of France during the second half of the fifteenth century through a cultural practice common among the wealthier strata of society: the commissioning of a funerary slab. The purpose of such an object is to keep alive the chosen memory of an individual or a given social group. Greek migrant populations, arriving in the West from the second half of the fifteenth century onwards, were keen to secure recognition among local populations who might or might not incorporate them into their networks. The case of the funerary slab of the two brothers John and Charles Bissipat (1488–1496) shows how a migrant family could express pride in belonging to a high social rank while nonetheless affirming their foreign origins. In embracing a dual identity, both Western and Eastern, John and Charles adopted a way of life in which foreignness did not necessarily have to be concealed.
786 0# - DATA SOURCE ENTRY
Note Le Moyen Age | CXXXI | 2 | 2026-02-13 | p. 601-602 | 0027-2841
856 41 - ELECTRONIC LOCATION AND ACCESS
Uniform Resource Identifier <a href="https://shs.cairn.info/journal-le-moyen-age-2025-2-page-601?lang=en&redirect-ssocas=7080">https://shs.cairn.info/journal-le-moyen-age-2025-2-page-601?lang=en&redirect-ssocas=7080</a>

Pas d'exemplaire disponible.

PLUDOC

PLUDOC est la plateforme unique et centralisée de gestion des bibliothèques physiques et numériques de Guinée administré par le CEDUST. Elle est la plus grande base de données de ressources documentaires pour les Étudiants, Enseignants chercheurs et Chercheurs de Guinée.

Adresse

627 919 101/664 919 101

25 boulevard du commerce
Kaloum, Conakry, Guinée

Réseaux sociaux

Powered by Netsen Group @ 2025